[Event "Styrian op U14/16 23rd"]
[Site "Mureck"]
[Date "2016.08.11"]
[Round "9"]
[White "Ramminger, Simon"]
[Black "Braun, Hagen"]
[Result "1/2-1/2"]
[WhiteElo "862"]
[BlackElo "915"]
[PlyCount "61"]
[EventDate "2016.08.03"]
[EventType "swiss"]
[EventRounds "9"]
[EventCountry "AUT"]
[SourceTitle "CBM 174 Extra"]
[Source "ChessBase"]
[SourceDate "2016.10.10"]
[SourceVersion "1"]
[SourceVersionDate "2016.10.10"]
[SourceQuality "1"]

1. e4 e5 2. Nf3 Nc6 3. Bb5 a6 4. Bxc6 dxc6 5. Nxe5 Qd4 6. Nf3 Qxe4+ 7. Qe2 Qxe2+ 8. Kxe2 Nf6 9. h3 Bc5 10. d4 Bb6 11. Nc3 c5 12. Be3 cxd4 13. Bxd4 Bxd4 14. Nxd4 Be6 15. Rhd1 0-0 16. Kf1 Rae8 17. Re1 Bc4+ 18. Nce2 Rd8 19. b3 Bxe2+ 20. Nxe2 Rfe8 21. Rad1 Kf8 22. Rxd8 Rxd8 23. Kg1 c6 24. c3 a5 25. a4 b6 26. c4 Rd7 27. g4 g5 28. f3 h6 29. Kg2 Re7 30. Kf2 Rb7 31. Nd4 1/2-1/2